• 首页
  • 本馆介绍
  • 公告通知
  • 最新文献
  • 馆藏检索
  • 电子资源
  • 读者导购
  • 参考咨询
  • 我的图书馆
  • 登录
  • 详细信息显示
  • 放入我的书架
  • 预约/预借图书
  • 作者相关作品
  • 分类相关作品
  • 丛书相关作品
  • 出版社相关作品

书目信息

  • 表格格式
  • 工作单格式
  • 卡片格式
题名:
静思、智慧、爱
    
 
作者: 证严 著
分册:  
出版信息: 南京   江苏人民出版社  2007
页数: 207页
开本: 21cm
丛书名: 人生系列
单 册:
中图分类: B948-49
科图分类:
主题词: 佛教--人生哲学--通俗读物
电子资源:
ISBN: 978-7-214-04394-8
000 00802oam2 2200253 450
001 1569076102
005 20150117191133.01
010    @a978-7-214-04394-8@dCNY18.00
100    @a20070104d2007 em y0chiy50 ea
101 0  @achi
102    @aCN@b320000
105    @ay z 000yy
200 1  @a静思、智慧、爱@9jing si 、 zhi hui 、 ai@f证严法师著
210    @a南京@c江苏人民出版社@d2007
215    @a207页@d21cm
225 2  @a人生系列
300    @a静思文化
330    @a本书内容包括:“清凉月”、“菩萨道”、“八正道”、“知足”、“修养”、“信心”、“启发”、“觉悟”、“修行”、“慈悲法爱”等。
461  0 @12001 @a人生系列
606 0  @a佛教@x人生哲学@j通俗读物
690    @aB948-49@v5
701  0 @a证严@9zheng yan@f(1937~)@4著
801  0 @aCN@bTSSF@c20150115
905    @aZUCC@dB948-49@eJY81
    
    静思、智慧、爱/证严法师著.-南京:江苏人民出版社,2007
    207页;21cm.-(人生系列)
    静思文化
    
    ISBN 978-7-214-04394-8:CNY18.00
    本书内容包括:“清凉月”、“菩萨道”、“八正道”、“知足”、“修养”、“信心”、“启发”、“觉悟”、“修行”、“慈悲法爱”等。
●
相关链接 在E读中查询图书 在五车中查询图书 在当当中查询图书 在豆瓣中查询图书


正题名:静思、智慧、爱     索取号:B948-49/JY81         预约/预借

序号 登录号 条形码 馆藏地/架位号 状态 备注
1 7841555   278415555   不外借—密集书库/ [索取号:B948-49/JY81] 在馆    
唐山师范学院图书馆 欢迎您!
大连网信软件有限公司© 版权所有